MDQL
is popping MORE tags! Check the
thread
!
Quizzes
Events
Quiz Creation
Community
Videos
Private Events
Remove Ads
Sign In
Join for FREE
Feedback
Dark Mode
Quiz Categories
Sports
Geography
Music
Movies
Television
Just For Fun
Miscellaneous
History
Literature
Language
Science
Gaming
Entertainment
Religion
Holiday
For Kids
Quiz Lab
Recent
Popular Today
Quiz Kudos Today
Editor Picks
Curator Picks
Quizzes by...
Day
Popularity
Type
Ratings
Length
Year
Community
Subscriptions
Recent Discussions
Orange Saloon
Badges
Playlists
Quests
Create
Leaderboards
Showdown
Live 5
Trivia Bingo
Activity
Puzzle Library
Sporcle Events
Private Events
Virtual Trivia
Globe League
Become a Host
Pub Owners
SporcleCon
Opinionation
Our Games
Videos
Blog
Mobile Apps
Partnerships
Remove Ads and Go Orange
Feedback
Movies
Disney
Marvel Cinematic Universe
Movie Resume
Movie Titles
Oscar
Actor
Actress
Director
Pixar
Role
Movie Quotes
Movie Characters
Box Office
Nominee
Best Picture
Star Wars
James Bond
Horror Movies
Movies
Disney
Marvel Cinematic Universe
Movie Resume
Movie Titles
Oscar
Actor
Actress
Director
Pixar
Role
Movie Quotes
Movie Characters
Box Office
Nominee
Best Picture
Star Wars
James Bond
Horror Movies
Random Quiz
Search Sporcle
×
Quiz Lab
Quiz Lab
Movies
Box Office
Type in answers that appear in a list
Type in answers that appear in a list
Classic
Best Score? Go Orange.
Top 25 Highest Grossing Film Series Stats
Can you name the Highest Grossing Film Series by Main Actor?
By
survivordude56
7m
25 Questions
1,144 Plays
1,144 Plays
1,144 Plays
Comments
Comments
Give Quiz Kudos
Give Quiz Kudos
-
- Ratings
hide this ad
Replay
Link that replays current quiz
Next Quiz
Link to next quiz in quiz playlist
You Got
0%
They Got
Avg Score
82%
Avg Friend Score
Upgrade to see
Score Distribution
Jump to the score distribution portion of the page
Score
0/25
Timer
07:00
0
Plays Today
Actor
Film Series
% Correct
Daniel Radcliffe
Harry Potter
98.9%
Daniel Craig
James Bond
95.4%
Christian Bale
Batman
94.6%
Mark Hamill or Ewan McGregor
Star Wars
93.7%
Tobey Maguire
Spider-Man
93.5%
Johnny Depp
Pirates of the Caribbean
92.1%
Harrison Ford
Indiana Jones
91.9%
Tom Cruise
Mission: Impossible
91.8%
Robert Downey Jr.
Iron Man
91.3%
Ian McKellen
Middle Earth
91.2%
Shia LaBeouf
Transformers
89.8%
Kristen Stewart
The Twilight Saga
89.7%
Hugh Jackman
X-Men
89.2%
Actor
Film Series
% Correct
Bruce Willis
Die Hard
89.2%
Keanu Reeves
The Matrix
89.1%
Robert Downey Jr., Chris Evans, Chris Hemsworth
Marvel Cinematic Universe
85.4%
Will Smith
Men in Black
82.7%
Mike Myers
Shrek
81.3%
Paul Walker
The Fast and The Furious
78.4%
Tom Hanks
Toy Story
78%
Jeff Goldblum
Jurassic Park
76.5%
Ray Romano
Ice Age
72.9%
Chris Pine
Star Trek
69.6%
Ben Stiller
Madagascar
51.1%
Liam Neeson
The Chronicles of Narnia
20.8%
Quiz Playlist
Details
Report
Send in Message
Add To Playlist
Classic:
Type in answers that appear in a list
Last Updated: Feb 16, 2017
Quiz Scoreboard
CHALLENGE
Sign Up to Join the Scoreboard
Show All
Scores
Hide
Comments
May contain spoilers
Recently Published
Street Fighter Characters
by Artimus82
Gaming
60s
9x9 Crossword: Cartoon Network
by jackfrog10
Miscellaneous
3m
College Basketball Coaching Resumes
by pancakes188
Sports
9m
More to Explore
Quiz From the Vault
Featured Blog Post
Where Did the Easter Bunny Come From?
hide this ad
You Might Also Like...
Tags
Actor Quiz
Box Office Quiz
Film Series
highest
Highest Grossing
Today's Top Quizzes in Movies
Browse Movies
hide this ad
Today's Top Quizzes in Box Office
Browse Box Office
Top Contributed Quizzes in Movies
1
Pick 5 Posters: Directed by Spielberg
2
7-to-1: Pixar Characters
3
Hidden Star Wars Character II
4
Pick 5 Posters: Lowest-Rated Spielberg
5
Sorting Actors
6
Sorting Actresses
7
Hidden Star Wars Character III
8
Pick 5 Posters: Directed by Scorsese
9
Hidden Star Wars Character IV
10
Pick 5 Posters: Star & Director
Explore More
Trending Topics
Harry Potter
Crossword
Kpop
NBA
Disney
Anime
Marvel
Soccer
Puzzle
Country
Song
WWE
Pokémon
The Office
NFL
hide this ad
More By:
survivordude56
Quiz
Plays
Rating
Category
Featured
Created
2013 Movies Slideshow
73,596
4.07
Movies
Jul 11, 2013
Full House Characters Slideshow
30,318
4.02
Television
Jul 17, 2013
Star Wars The Clone Wars Characters
7,197
4.86
Television
Jan 21, 2013
Major Survivor Contestants
4,181
3.94
Television
Mar 15, 2013
Finish The Avengers Quotes
4,100
4.22
Movies
Apr 2, 2013
Go to Creator's Profile
Score Distribution
Quiz Creator Spotlight
survivordude56
Follow
Send a Message
Quizzes Created
-
Created Quiz Play Count
-
More By This Creator
Popular Quizzes Today
1
Find the US States - No Outlines Minefield
2
Find the Countries of Europe - No Outlines Minefield
3
The Countries of the World
4
Find the US States
5
Risky Map Clicking: Biggest States A-Z
6
US States
7
Popular People in 1961
8
Movies - When Are They Set?
More Movies Quizzes
Actors by Same First Letter Movies III
Published
Trending Quizzes
Risky Map Clicking: Least Populous States A-Z
Countries of the World: 200 Million BC
1-10 Letter G Words
Risky Map Clicking: Next State Alphabetically
Adjectives in 80s TV Shows
Recently Updated
Leaping Animals
pecheneg
Reality TV Shows (A-Z)
bhenderson79
Rickey Henderson's Hall of Fame Teammates
pecheneg
Champions League XIs: Arsenal
pecheneg
Quick Pick: Celebrities in WWE's Hall of Fame
aduchscher
A-Z Keypad Blitz II
pecheneg
Multiple Oscar Actors
pecheneg
Mystery Phrase Blitz: Oscar 'Best Actors'
pecheneg
F. Scott Fitzgerald Novels
LTH
Pick 3 Villains
ddd62291
Trending Topics
Disney
Anime
Harry Potter
Kpop
Marvel
NBA
Crossword
Puzzle
NFL
The Office
Country
Song
Soccer
WWE
Pokémon
Your Account Isn't Verified!
In order to create a playlist on Sporcle, you need to verify the email address you used during registration. Go to your
Sporcle Settings
to finish the process.
Report this User
Report this user for behavior that violates our
Community Guidelines
.
Details:
Send Report
Go to the Sporcle.com Mobile Site →
Comments